000 00509nam a2200181Ia 4500
999 _c28825
_d28825
003 OSt
005 20210105092635.0
008 190216s9999||||xx |||||||||||||| ||und||
020 _a9788190236102
040 _coclc
082 _a894.812301
_bPRA/C
100 _aPrasad, C
_98115
245 0 _aCharithra Kathakal /
_cC Prasad
260 _bSky Book Publishers,
_aMavelikkara:
_c2006.
300 _a64p
650 _aKathakal
942 _cBK
_2ddc
_h894.812301
_iPRA/C
_k894.812301
_mPRA/C